Loading...
| Literature - British | 0 | 8 | 0 | 1 | 80 | 71 | 104.50 | 1 | 2 | 7.71 | 19.97 |
| Literature - World/Other | 0 | 7 | 0 | 1 | 70 | 61 | 104.57 | 1 | 5 | 7.77 | 18.75 |
| Literature - American | 0 | 5 | 0 | 0 | 50 | 73 | 82.40 | 2 | 4 | 8.36 | 15.17 |
| Fine Arts - Visual | 0 | 4 | 0 | 2 | 40 | 100 | 115.75 | 0 | 1 | 2.00 | 12.51 |
| Literature - European | 0 | 3 | 0 | 1 | 30 | 80 | 111.00 | 0 | 1 | 2.28 | 4.88 |
| Philosophy | 0 | 2 | 0 | 1 | 20 | 93 | 98.00 | 1 | 2 | 1.72 | 7.14 |
| Religion | 0 | 1 | 0 | 0 | 10 | 110 | 110.00 | 0 | 0 | 0.00 | 0.52 |
| Fine Arts - Classical Music | 0 | 1 | 1 | 0 | 5 | 73 | 73.00 | 0 | 1 | 1.69 | 3.13 |
| Geography/Current Events | 0 | 1 | 1 | 1 | 5 | 91 | 91.00 | 0 | 0 | 1.74 | 2.34 |
| Other Academic | 0 | 0 | 1 | 0 | -5 | 0.00 | 0 | 0 | 0.00 | 0.00 | |
| Science - Other | 0 | 0 | 1 | 0 | -5 | 0.00 | 0 | 0 | 0.00 | 0.00 | |
| Fine Arts - Other | 0 | 1 | 5 | 1 | -15 | 151 | 151.00 | 0 | 0 | 0.05 | 1.56 |